Stavebno-technologický projekt - Obytný súbor ARBORIA, Trnava

Salvato in:
Dettagli Bibliografici
Autore principale: Nagy, Balázs (Autore)
Altri autori: Hulínová, Zdenka (Relatore della tesi)
Natura: Manoscritto Libro
Lingua:slovacco
Pubblicazione: 2017
Soggetti:
Accesso online:http://is.stuba.sk/zp/portal_zp.pl?podrobnosti=125329
https://opac.crzp.sk/?fn=detailBiblioForm&sid=CBCDB6E5622FB9C0D6594628BE80
Tags: Aggiungi Tag
Nessun Tag, puoi essere il primo ad aggiungerne!!

MARC

LEADER 00000ntm a22000003a 4500
001 stuzp65367
003 SK-STU
005 20230816135558.5
007 ta
008 150427s2015----xo-----f-mn---000-0-slo-d
040 |a STU  |b slo 
041 0 |a slo 
100 1 |a Nagy, Balázs  |u 010270  |4 aut  |U SvF Stavebná fakulta  |T SvF Katedra technológie stavieb  |X 59020  |U V270  |Y 28  |7 59020 
242 0 1 |a Residential complex ARBORIA, Trnava  |y eng 
245 1 0 |a Stavebno-technologický projekt - Obytný súbor ARBORIA, Trnava 
260 |c 2017 
650 4 |a projekt organizácie výstavby  |2 slo 
650 4 |a bytový dom  |2 slo 
650 4 |a prefabrikované steny  |2 slo 
650 4 |a construction project organization,  |2 eng 
650 4 |a residential complex  |2 eng 
650 4 |a prefabricated wall  |2 eng 
700 1 |a Hulínová, Zdenka  |u 010270  |k Z1  |4 ths  |U SvF Stavebná fakulta  |T SvF Katedra technológie stavieb  |X 853  |U V270  |Y 28  |7 A000000853 
856 4 |u http://is.stuba.sk/zp/portal_zp.pl?podrobnosti=125329 
856 4 |u https://opac.crzp.sk/?fn=detailBiblioForm&sid=CBCDB6E5622FB9C0D6594628BE80